Introducation to Pharmacology (Record no. 8670)
[ view plain ]
| 000 -LEADER | |
|---|---|
| fixed length control field | 00371nam a22001577a 4500 |
| 003 - CONTROL NUMBER IDENTIFIER | |
| control field | OSt |
| 008 - FIXED-LENGTH DATA ELEMENTS--GENERAL INFORMATION | |
| fixed length control field | 200701b ||||| |||| 00| 0 eng d |
| 082 ## - DEWEY DECIMAL CLASSIFICATION NUMBER | |
| Classification number | 615.1 DAI |
| 100 ## - MAIN ENTRY--PERSONAL NAME | |
| Personal name | Dandiya , P.C. |
| 245 ## - TITLE STATEMENT | |
| Title | Introducation to Pharmacology |
| 250 ## - EDITION STATEMENT | |
| Edition statement | 7th |
| 260 ## - PUBLICATION, DISTRIBUTION, ETC. (IMPRINT) | |
| Place of publication, distribution, etc | New Delhi |
| Name of publisher, distributor, etc | Vallabh Publication |
| Date of publication, distribution, etc | 2018 |
| 300 ## - PHYSICAL DESCRIPTION | |
| Extent | 576 |
| 650 ## - SUBJECT ADDED ENTRY--TOPICAL TERM | |
| Topical term or geographic name as entry element | Pharmacology |
| 942 ## - ADDED ENTRY ELEMENTS (KOHA) | |
| Source of classification or shelving scheme | Dewey Decimal Classification |
| Koha item type | Text Books |
| Withdrawn status | Lost status | Source of classification or shelving scheme | Damaged status | Not for loan | Collection code | Home library | Current library | Date acquired | Source of acquisition | Currency | Cost, normal purchase price | Bill Number | Total Checkouts | Full call number | Acc. no. / Barcode | Date last seen | Date last borrowed | Actual Cost, discounted price | Bill Date | Koha item type | Shelving location |
|---|---|---|---|---|---|---|---|---|---|---|---|---|---|---|---|---|---|---|---|---|---|
| Dewey Decimal Classification | B.Pharma | PIET C-LIBRARY | PIET C-LIBRARY | 11/01/2020 | Kirti Praskshan | IN Rupees | 295.00 | IN6014 | 15 | 615.1 DAI | BP579 | 15/04/2026 | 23/05/2025 | 238.95 | 11/01/2020 | Text Books | |||||
| Dewey Decimal Classification | B.Pharma | PIET C-LIBRARY | PIET C-LIBRARY | 11/01/2020 | Kirti Praskshan | IN Rupees | 295.00 | IN6014 | 615.1 DAI | BP580 | 01/07/2020 | 238.95 | 11/01/2020 | Reference Books | Ref. Sec. R11 | ||||||
| Dewey Decimal Classification | B.Pharma | PIET C-LIBRARY | PIET C-LIBRARY | 11/01/2020 | Kirti Praskshan | IN Rupees | 295.00 | IN6014 | 14 | 615.1 DAI | BP581 | 13/10/2023 | 27/09/2023 | 238.95 | 11/01/2020 | Text Books |